00536nam a2200181Ia 4500003000900000008004100009040001600050080001500066100002400081245005300105260003300158300001500191650002400206650001400230942000700244999001300251952009000264IN-BaIIA211028s9999 xx 000 0 eng d cIIA Library a523.9bGAM aGamow, George91452 4aThe birth and death of the suncGeorge Gamow  aNew YorkbViking Pressc1940 axiv, 238p. aSolar physics91453 aSun91200 cBK c667d667 00104070aBANbBANcGENd0000-00-00l0o523.9/ GAMp690r2021-11-05w0000-00-00yBK